000 01567cam a2200229 4500500
005 20251228065648.0
041 _afre
042 _adc
100 1 0 _aBachelart, Maximilien
_eauthor
245 0 0 _aLa privatisation et la sécurisation de la protection de l’enfance : une fiction pas si fictive
260 _c2023.
500 _a94
520 _aCeci est une fiction… à cela près qu’elle pourrait paraître de plus en plus réelle à mesure que les mois passent.Cet échange nous plonge dans une prospective du pays à propos de la protection de l’enfance. Nous y trouvons les positionnements d’un gouvernement en prise avec la violence, l’incursion du principe de rentabilité économique et un chemin qui a pu paraître finalement évident aux yeux des professionnels. Comme on dit, le problème n’est pas forcément dans les difficultés les plus apparentes, mais souvent dans sa définition même. Face à tant de problèmes historiques accumulés, l’heure n’était plus aux constats que les spécialistes dressent perpétuellement, comme si le temps avait poussé les acteurs à ne plus avoir le choix que d’agir dans une seule direction.
690 _aExternalisation
690 _afinance
690 _apolitique
690 _aprivatisation
690 _aprotection de l’enfance
690 _asécurisation
786 0 _nVST - Vie sociale et traitements | 157 | 1 | 2023-02-21 | p. 99-105 | 0396-8669
856 4 1 _uhttps://shs.cairn.info/revue-vie-sociale-et-traitements-2023-1-page-99?lang=fr&redirect-ssocas=7080
999 _c1592021
_d1592021